[Event "Oberliga Sued W9899"]
[Site "Wuertemberg"]
[Date "1999.02.07"]
[Round "6"]
[White "Banaszek, Marcin"]
[Black "Warthmann, Ralf"]
[Result "1-0"]
[WhiteElo "2265"]
[BlackElo "2185"]

1.d4 Nf6 2.c4 g6 3.Nc3 Bg7 4.e4 d6 5.Be2 O-O 6.Nf3 e5 7.d5 a5 8.Bg5 h6 9.Bh4 Na6
10.Nd2 Qe8 11.O-O Nh7 12.a3 Bd7 13.b3 h5 14.f3 Bh6 15.Bf2 Qe7 16.Qc2 f5 17.Rfb1 Nf6
18.Ra2 b6 19.b4 Kh7 20.c5 bxc5 21.Bxa6 Rxa6 22.bxc5 Bxd2 23.Qxd2 fxe4 24.Nxe4 Nxe4
25.fxe4 Rf4 26.Rb7 Bc8 27.Rb8 Bg4 28.Qd3  1-0

[Event "RUS-Cup03 (Geller mem)"]
[Site "Moscow"]
[Date "1999.02.08"]
[Round "7"]
[White "Kachar, Vladimir"]
[Black "Voitsekhovsky, Stanislav"]
[Result "1-0"]
[WhiteElo "2390"]
[BlackElo "2558"]

1.d4 Nf6 2.c4 g6 3.Nc3 Bg7 4.e4 d6 5.Nf3 O-O 6.Be2 Nbd7 7.O-O e5 8.dxe5 dxe5
9.Be3 c6 10.Nd2 Qe7 11.Nb3 Rd8 12.Qc2 Nf8 13.Rad1 Ne6 14.Rxd8+ Qxd8 15.Rd1 Qc7
16.h3 h5 17.Nb1 b6 18.Nc3 Bb7 19.Bf1 Nd7 20.f3 Bf8 21.Qf2 Ndc5 22.Nc1 a5
23.h4 Ba6 24.b3 Bg7 25.Nd3 Bf8 26.Nxc5 Bxc5 27.Bxc5 Nxc5 28.Qd2 Rc8 29.Qd6 Qxd6
30.Rxd6 Kf8 31.Kf2 Ke7 32.Rd2 Ne6 33.Ke3 Rb8 34.g3 f6 35.Bh3 Nd4 36.f4 Bb7
37.Ne2 c5 38.Nc3 Bc6 39.Rb2 Rg8 40.Rf2 Ra8 41.fxe5 fxe5 42.Nd5+ Bxd5 43.exd5 a4
44.Ke4 axb3 45.axb3 g5 46.Kxe5 g4 47.Bg2 Ra3 48.d6+ Ke8 49.Be4 Rxb3 50.Bg6+ Kd7
51.Rf7+ Kc8 52.Rf8+ Kb7 53.d7 Re3+ 54.Be4+ Nc6+ 55.Kf4  1-0

[Event "Yangon schev"]
[Site "Yangon"]
[Date "1999.02.09"]
[Round "10"]
[White "Wong Meng Kong"]
[Black "Moun Moun Latt"]
[Result "1-0"]
[WhiteElo "2459"]
[BlackElo "2554"]

1.d4 Nf6 2.c4 g6 3.Nc3 Bg7 4.e4 d6 5.Be2 O-O 6.Nf3 e5 7.Be3 Ng4 8.Bg5 f6
9.Bh4 Qd7 10.Bg3 Kh8 11.O-O Nc6 12.d5 Ne7 13.Ne1 f5 14.Bxg4 fxg4 15.Nd3 Ng8
16.f4 gxf3 17.Rxf3 Nf6 18.Qd2 Qe7 19.Raf1 Bg4 20.R3f2 h6 21.h3 Bd7 22.Bh2 Kh7
23.g4 a6 24.a4 b5 25.axb5 axb5 26.c5 dxc5 27.Nxe5 b4 28.Nxg6 bxc3 29.Qc2 Ba4
30.Nxf8+ Qxf8 31.Qxc3 Bb5 32.Rxf6 Qg8 33.Qxc5 Bxf1 34.Rxf1 Re8 35.Qxc7 Rxe4
36.Qc2 Bd4+ 37.Kh1 Qg6 38.d6 Bf6 39.Qf2 Kg7 40.Bg3 Rd4 41.Bh4  1-0

[Event "RUS-Cup03 (Geller mem)"]
[Site "Moscow"]
[Date "1999.02.10"]
[Round "1"]
[White "Popov, Valerij"]
[Black "Nureev, Garun"]
[Result "1-0"]
[WhiteElo "2582"]
[BlackElo "2380"]

1.d4 Nf6 2.Nf3 g6 3.c4 Bg7 4.Nc3 O-O 5.e4 d6 6.Be2 e5 7.O-O Nbd7 8.Be3 Qe7
9.d5 Ng4 10.Bg5 f6 11.Bh4 h5 12.Ne1 Nh6 13.f3 g5 14.Bf2 f5 15.Nd3 Nf6 16.c5 fxe4
17.Nxe4 Nxe4 18.fxe4 Ng4 19.Bxg4 Bxg4 20.Qd2 Kh7 21.Rac1 h4 22.Be3 Rxf1+
23.Rxf1 Kg6 24.Rc1 h3 25.Nf2 Qd7 26.c6 bxc6 27.Rxc6 hxg2 28.Qc3 Bf3 29.Rxc7 Qb5
30.Qc1 Rh8 31.Bxg5 Rxh2 32.Kxh2 Qf1 33.Rxg7+ Kxg7 34.Qc7+ Kg6 35.Qxd6+ Kxg5
36.Nh3+ Kh5 37.Qxe5+ Kg6 38.Qg3+ Kh7 39.Qxf3 Qh1+ 40.Kg3 g1=Q+ 41.Nxg1 Qxg1+  1-0

[Event "RUS-Cup03 (Geller mem)"]
[Site "Moscow"]
[Date "1999.02.10"]
[Round "9"]
[White "Kirusha, Andrey"]
[Black "Gelman, Alexander"]
[Result "0-1"]
[WhiteElo "2365"]
[BlackElo "2460"]

1.Nf3 d6 2.d4 g6 3.c4 Bg7 4.Nc3 Nf6 5.e4 O-O 6.Be2 e5 7.O-O exd4 8.Nxd4 Re8
9.f3 Nh5 10.g4 Nf6 11.Bf4 Nc6 12.Nxc6 bxc6 13.Qd2 Qe7 14.Rad1 Nd7 15.Bg5 Qf8
16.Kh1 Nc5 17.Be3 a5 18.b3 Be5 19.Nb1 f5 20.gxf5 gxf5 21.Bxc5 dxc5 22.f4 Bd4
23.e5 a4 24.b4 Rd8 25.Nc3 cxb4 26.Nd5 c5 27.Bf3 Ra7 28.Nf6+ Kh8 29.Bd5 Ra6
30.Rf3 Rxf6 31.exf6 Qxf6 32.Rg3 c6 33.Bf3 b3 34.axb3 axb3 35.Qe2 b2 36.Bg2 Be6
37.Rb3 Ra8 38.Rb6 Bd7 39.Bf3 Re8 40.Qg2 Qh4 41.Qg3 Qd8 42.Rb3 Qc7 43.Qh4 Be6
44.Re1 Qd7 45.Rb6 Bxc4 46.Rxe8+ Qxe8 47.Bxc6 Qxc6+  0-1

[Event "Goodricke 10th op"]
[Site "Calcutta"]
[Date "1999.02.11"]
[Round "6"]
[White "Sashikiran, Krishnan"]
[Black "Chiong, Luiz"]
[Result "1-0"]
[WhiteElo "2525"]
[BlackElo "2390"]

1.d4 Nf6 2.c4 g6 3.Nc3 Bg7 4.e4 d6 5.Nf3 O-O 6.Be2 e5 7.Be3 Ng4 8.Bg5 f6
9.Bh4 Nc6 10.d5 Ne7 11.Nd2 h5 12.O-O Nh6 13.f3 f5 14.b4 Bf6 15.Bf2 f4 16.c5 g5
17.cxd6 cxd6 18.Nc4 g4 19.Nb5 Ng6 20.Nbxd6 g3 21.hxg3 fxg3 22.Bxg3 Bh4 23.Bh2 Qg5
24.Kh1 Rf4 25.g3 Bxg3 26.Rg1 h4 27.Qe1 Rg4 28.Qc1 Rf4 29.Nb2 Bh3 30.Nd3 Raf8
31.Nf2 Bd7 32.Qc7 Ng4 33.Nh3 Qe7 34.fxg4 R4f6 35.Nb5 Rc8 36.d6 Qf7 37.Rac1 Rxc7
38.dxc7 Rc6 39.Nxa7 Qxa2 40.Rxc6  1-0

[Event "Yangon schev"]
[Site "Yangon"]
[Date "1999.02.11"]
[Round "12"]
[White "Sharavdorj, Dashzeveg"]
[Black "Zaw Oo"]
[Result "1-0"]
[WhiteElo "2431"]
[BlackElo "2440"]

1.Nf3 Nf6 2.c4 g6 3.Nc3 Bg7 4.e4 d6 5.d4 O-O 6.Be2 e5 7.O-O Na6 8.Be3 Ng4
9.Bg5 Qe8 10.dxe5 dxe5 11.h3 h6 12.Bd2 Nf6 13.Be3 Kh7 14.Nd2 Be6 15.a3 Nb8
16.Nd5 Qd7 17.Qb3 c6 18.Nxf6+ Bxf6 19.Rfd1 Qc7 20.Qc3 c5 21.b4 cxb4 22.axb4 Nc6
23.Nb3 Rad8 24.Rd5 Qc8 25.Rxd8 Rxd8 26.Bf1 Nd4 27.Nc5 a6 28.Nxe6 Qxe6 29.Ra5 Qe8
30.Rd5 Rxd5 31.exd5 b5 32.c5 Bg5 33.Bxg5 hxg5 34.c6 Qd8 35.c7  1-0

[Event "Goodricke 10th op"]
[Site "Calcutta"]
[Date "1999.02.12"]
[Round "7"]
[White "Ravi, Lanka"]
[Black "Sanjay, N."]
[Result "0-1"]
[WhiteElo "2405"]
[BlackElo "2265"]

1.d4 Nf6 2.c4 g6 3.Nc3 Bg7 4.e4 d6 5.Be2 O-O 6.Nf3 Nbd7 7.O-O e5 8.Qc2 c6
9.Rd1 Qe7 10.Be3 exd4 11.Bxd4 Re8 12.Re1 c5 13.Bxf6 Nxf6 14.h3 b6 15.Bd3 Bb7
16.Rab1 Nd7 17.Nd5 Bxd5 18.cxd5 Ne5 19.Nxe5 Qxe5 20.g3 a6 21.a4 Reb8 22.b4 Qc3
23.Rec1 Qxc2 24.Rxc2 a5 25.bxa5 bxa5 26.Bb5 Ra7 27.Re1 Re7 28.f4 Bd4+ 29.Kg2 f6
30.Kf3 Kg7 31.h4 h6 32.h5 g5 33.Kg4 Rf8 34.Kf5 Rb8 35.Rb1 Kf7 36.Rb3 Kg7
37.Rf3 Kf7 38.Rb3 Kg7 39.Rc4 Kf7 40.Rd3 Rg8 41.Rdxd4 cxd4 42.Rc6 g4 43.e5 fxe5
44.Rxd6 exf4 45.Kxf4 Kg7 46.Rg6+ Kh7 47.Rxg8 Kxg8 48.d6 Rb7 49.Ke5 Kf7 50.Kxd4 Ke6
51.Kc5 Rb8 52.Kc6 Rc8+ 53.Kb7 Rc3 54.d7 Ke7 55.Kb6 Rxg3 56.Kxa5 Re3 57.Kb6 Kd8
58.a5 g3 59.a6 g2 60.a7 Ra3 61.Ba6 g1=Q+  0-1

[Event "RUS-Cup03 (Geller mem)"]
[Site "Moscow"]
[Date "1999.02.12"]
[Round "3"]
[White "Iljushin, Alexei"]
[Black "Riazantsev, Alexander"]
[Result "1-0"]
[WhiteElo "2484"]
[BlackElo "2387"]

1.d4 g6 2.c4 Bg7 3.Nc3 d6 4.Nf3 Nd7 5.e4 e5 6.Be2 Ngf6 7.O-O O-O 8.Re1 Re8
9.Bf1 c6 10.Rb1 a5 11.d5 Nc5 12.b3 cxd5 13.cxd5 Bd7 14.Nd2 Qe7 15.a4 b6 16.Nc4 Rec8
17.Na3 Ne8 18.Bb5 Bxb5 19.Ncxb5 Bf8 20.Qc2 Nc7 21.Nxc7 Qxc7 22.Be3 Be7 23.Nc4  1-0

[Event "Goodricke 10th op"]
[Site "Calcutta"]
[Date "1999.02.13"]
[Round "8"]
[White "Murugan, Krishnamoorthy"]
[Black "Vishveswaran, K."]
[Result "1/2-1/2"]
[WhiteElo "2385"]
[BlackElo "2270"]

1.d4 Nf6 2.c4 g6 3.Nc3 Bg7 4.e4 d6 5.Nf3 O-O 6.Be2 e5 7.d5 Na6 8.Bg5 h6 9.Bh4 g5
10.Bg3 Nxe4 11.Nxe4 f5 12.Nfd2 fxe4 13.Nxe4 Bf5 14.Bd3 g4 15.f3 Bxe4 16.Bxe4 Nc5
17.Qe2 h5 18.Bf2 Nxe4 19.fxe4 Bh6 20.O-O Qg5 21.Rae1 Rf7 22.Be3 Rxf1+ 23.Kxf1 Rf8+
24.Kg1 Qg6 25.Bxh6 Qxh6 26.Qe3 Qxe3+  1/2-1/2

[Event "RUS-Cup03 (Geller mem)"]
[Site "Moscow"]
[Date "1999.02.13"]
[Round "4"]
[White "Volkov, Sergey"]
[Black "Bykov, Andrey"]
[Result "1-0"]
[WhiteElo "2587"]
[BlackElo "2391"]

1.d4 Nf6 2.c4 g6 3.Nc3 Bg7 4.e4 d6 5.Be2 O-O 6.Nf3 e5 7.Be3 c6 8.O-O Qe7
9.d5 Ng4 10.Bd2 f5 11.b4 a5 12.dxc6 bxc6 13.b5 h6 14.Ne1 Nf6 15.f3 Be6 16.Be3 Rd8
17.Rc1 Kh7 18.Qa4 Rc8 19.Nd3 f4 20.Bf2 c5 21.Rb1 Nbd7 22.b6 Rcb8 23.Qc6 Ra6
24.Na4 Ne8 25.Qb5 Raxb6 26.Nxb6 Rxb6 27.Qxa5 Rxb1 28.Rxb1 Bxc4 29.Nxf4 Bxa2
30.Qxa2 exf4 31.Rb7 Nef6 32.Bb5  1-0

[Event "RUS-Cup03 (Geller mem)"]
[Site "Moscow"]
[Date "1999.02.14"]
[Round "5"]
[White "Popov, Valerij"]
[Black "Gelman, Alexander"]
[Result "1-0"]
[WhiteElo "2582"]
[BlackElo "2460"]

1.d4 d6 2.Nf3 g6 3.c4 Bg7 4.Nc3 Nf6 5.e4 O-O 6.Be2 e5 7.O-O exd4 8.Nxd4 Re8
9.f3 Nh5 10.Be3 f5 11.Qd2 f4 12.Bf2 Be5 13.Rfd1 Na6 14.Nb3 Qf6 15.Rac1 c6
16.c5 Nxc5 17.Nxc5 dxc5 18.Bc4+ Be6 19.Bxe6+ Qxe6 20.Bxc5 b6 21.Bf2 Re7 22.b4 Ng7
23.Ne2 g5 24.Nd4 Bxd4 25.Qxd4 g4 26.Qc4 gxf3 27.gxf3 a5 28.Qxc6 Qxc6 29.Rxc6 axb4
30.Rxb6 Rxa2 31.Bh4 Rc7 32.Bg5 b3 33.Bxf4 Rc3 34.Rb8+ Kf7 35.Rb7+ Kf6 36.Rd6+ Ne6
37.e5+ Kf5 38.Rf7+ Kg6 39.Rf6+ Kg7  1-0

[Event "RUS-Cup03 (Geller mem)"]
[Site "Moscow"]
[Date "1999.02.14"]
[Round "5"]
[White "Volkov, Sergey"]
[Black "Nureev, Garun"]
[Result "1/2-1/2"]
[WhiteElo "2587"]
[BlackElo "2380"]

1.d4 Nf6 2.c4 d6 3.Nf3 Nbd7 4.Nc3 g6 5.e4 e5 6.Be2 Bg7 7.O-O O-O 8.Be3 Qe7
9.d5 Nh5 10.Re1 f5 11.exf5 gxf5 12.Nb5 f4 13.Bxa7 c6 14.dxc6 bxc6 15.Nfd4 exd4
16.Bxd4 Ne5 17.Bxh5 cxb5 18.cxb5 Bb7 19.Bg4 Rae8 20.a4 Qg5 21.Bxe5 dxe5 22.f3 e4
23.fxe4 Bxe4 24.Bf3 Bxf3 25.Qxf3 Re3 26.Qf2 Rfe8 27.Kh1 Bd4 28.Rf1 Re2 29.Qf3 R8e3
30.Qa8+ Kg7 31.Rac1 Kh6 32.Qf8+ Bg7 33.Qxf4 Qxf4 34.Rxf4 Be5 35.Rh4+ Kg5
36.g3 h5 37.b4 Re4 38.Rxe4 Rxe4 39.Rc5 Kf5 40.b6 Rxb4 41.a5 Rb2 42.Kg1 Ke6
43.Kf1 Kd6 44.Rc4 Ra2 45.b7 Kd5 46.Rc8 Rxa5 47.b8=Q Bxb8 48.Rxb8 Ke6 49.Rf8 h4
50.g4 Ra2 51.Rf2 Ra3 52.Rf4 Ra2 53.Rf2 Ra3 54.Rf4  1/2-1/2

[Event "RUS-Cup03 (Geller mem)"]
[Site "Moscow"]
[Date "1999.02.14"]
[Round "5"]
[White "Daschian, Nikolai V"]
[Black "Zakharevich, Igor"]
[Result "1/2-1/2"]
[WhiteElo "2435"]
[BlackElo "2532"]

1.d4 Nf6 2.c4 g6 3.Nc3 Bg7 4.e4 d6 5.Nf3 O-O 6.Be2 e5 7.O-O Qe8 8.dxe5 dxe5
9.b4 Qe7 10.b5 c6 11.a4 Rd8 12.Qb3 Bg4 13.Ba3 Qc7 14.Rfd1 Bxf3 15.Bxf3 Rxd1+
16.Rxd1 Nbd7 17.Bd6 Qa5 18.Bb4 Qc7 19.Bd6 Qa5 20.Bb4 Qc7  1/2-1/2

[Event "Goodricke 10th op"]
[Site "Calcutta"]
[Date "1999.02.15"]
[Round "10"]
[White "Murugan, Krishnamoorthy"]
[Black "Sanjay, N."]
[Result "1-0"]
[WhiteElo "2385"]
[BlackElo "2265"]

1.d4 Nf6 2.c4 g6 3.Nc3 Bg7 4.e4 d6 5.Nf3 O-O 6.Be2 Nbd7 7.O-O e5 8.Be3 c6
9.d5 Ng4 10.Bg5 f6 11.Bh4 c5 12.Nd2 Nh6 13.a3 Nf7 14.b4 h5 15.f3 Bh6 16.Bf2 f5
17.Nb3 b6 18.bxc5 bxc5 19.exf5 gxf5 20.Bd3 e4 21.fxe4 f4 22.Nd2 Nde5 23.Be2 Kh7
24.Kh1 Rg8 25.Nf3 Qf6 26.Qc2 Bd7 27.Rab1 Rg7 28.Rb7 Kh8 29.Nd1 Rag8 30.Rg1 Nxf3
31.Bxf3 Ne5 32.Qc3 Bg4 33.Rxg7 Qxg7 34.Bxg4 hxg4 35.Be1 Qg6 36.Nf2 g3 37.hxg3 fxg3
38.Nh3 Qxe4 39.Bxg3 Bg7 40.Ng5 Qg6 41.Bxe5 Bxe5 42.Qh3+ Kg7 43.Qd7+  1-0

[Event "Goodricke 10th op"]
[Site "Calcutta"]
[Date "1999.02.15"]
[Round "10"]
[White "Gleizerov, Evgeny"]
[Black "Komliakov, Viktor"]
[Result "1/2-1/2"]
[WhiteElo "2515"]
[BlackElo "2460"]

1.d4 d6 2.Nf3 Nf6 3.c4 g6 4.Nc3 Nbd7 5.e4 e5 6.Be2 Bg7 7.O-O O-O 8.Be3 Re8
9.Qc2 Nh5 10.Qd2 Nhf6 11.Qc2 Nh5 12.g3 Nhf6 13.Rad1 c6 14.d5 c5 15.Ne1 Nb6
16.Ng2 Bh3 17.a3 Rc8 18.Rb1 Qe7 19.b4 Nfd7 20.Nb5 a6 21.bxc5 axb5 22.cxb6 bxc4
23.Bxc4  1/2-1/2

[Event "Budapest FS02 IM"]
[Site "Budapest"]
[Date "1999.02.16"]
[Round "11"]
[White "Serrer, Christoph"]
[Black "Szuk, Balazs"]
[Result "1/2-1/2"]
[WhiteElo "2285"]
[BlackElo "2415"]

1.Nf3 Nf6 2.c4 g6 3.Nc3 Bg7 4.e4 d6 5.d4 O-O 6.Be2 e5 7.dxe5 dxe5 8.Qxd8 Rxd8
9.Bg5 c6 10.Nxe5 Re8 11.O-O-O Na6 12.Rd6 Be6 13.Nf3 Ng4 14.Nd2 Ne5 15.f4 h6  1/2-1/2

[Event "St Helier Tohmatsu op"]
[Site "St Helier"]
[Date "1999.02.16"]
[Round "3"]
[White "Punnett, Alan Kenneth"]
[Black "Hodge, David"]
[Result "1/2-1/2"]
[WhiteElo "2160"]
[BlackElo "2120"]

1.d4 Nf6 2.c4 g6 3.Nc3 Bg7 4.e4 d6 5.Nf3 O-O 6.Be2 e5 7.O-O Na6 8.Be3 c6
9.d5 Ng4 10.Bg5 f6 11.Bc1 Nh6 12.dxc6 bxc6 13.Qa4 Nc5 14.Qa3 a5 15.Rd1 Be6
16.Be3 Nb7 17.h3 c5 18.Nb5 Nf7 19.Nd2 Qb8 20.Qd3 Re8 21.Bg4 Nbd8 22.Nf3 Bf8
23.Rac1 Qb7 24.Rc3 f5 25.exf5 e4 26.Qf1 gxf5 27.Bh5 exf3 28.Bxf3 Nc6 29.Rb3 Qc8
30.Bf4 Ra6  1/2-1/2

[Event "Budapest FS02 IM"]
[Site "Budapest"]
[Date "1999.02.17"]
[Round "12"]
[White "Szuk, Balazs"]
[Black "Kjetzae, Johnny"]
[Result "1/2-1/2"]
[WhiteElo "2415"]
[BlackElo "2225"]

1.d4 Nf6 2.Nf3 g6 3.c4 Bg7 4.Nc3 O-O 5.e4 d6 6.Be2 e5 7.Be3 Na6 8.O-O Ng4
9.Bg5 Qe8 10.h3 Nf6 11.d5 h6 12.Be3 Nh5 13.Qd2 Kh7 14.Ne1 Nf4 15.Bxf4 exf4
16.Qxf4 f5 17.Bd3 Be5 18.Qf3 fxe4 19.Qxe4 Nc5 20.Qe2 Qf7 21.Ne4 Na4 22.Rb1 Bg7
23.b3 Nc5 24.Nxc5 dxc5 25.Nc2 Bd7 26.Qd2 a5 27.Rbe1 Qf6 28.Re3 Qg5 29.Qe2 Rfe8
30.Rxe8 Rxe8 31.Qf3 Rf8 32.Qe3 b6 33.Qxg5 hxg5 34.Re1 Rf7 35.Re3 Bf8 36.Rg3 Kh6
37.Re3 Bd6 38.Re2 Rf8 39.Ne3 a4 40.bxa4 Ra8 41.Ng4+ Kg7 42.Ne5  1/2-1/2

[Event "Zuglo Hotel op"]
[Site "Budapest"]
[Date "1999.02.20"]
[Round "2"]
[White "Serrer, Christoph"]
[Black "Gladyszev, Oleg"]
[Result "1/2-1/2"]
[WhiteElo "2285"]
[BlackElo "2388"]

1.d4 Nf6 2.c4 g6 3.Nc3 Bg7 4.e4 d6 5.Nf3 O-O 6.Be2 e5 7.dxe5 dxe5 8.Qxd8 Rxd8
9.Bg5 c6 10.Nxe5 Re8 11.O-O-O Na6 12.Rd6 Be6 13.Nf3 Nc5 14.Nd2 Ng4 15.Bh4 g5
16.Bg3 Ne5 17.f3 a5 18.Nb3 Ncd7 19.Rd2 a4 20.Nd4 Nc5 21.Nxe6 Nxe6 22.Kc2 a3
23.b3 c5 24.Nb5  1/2-1/2

[Event "St Helier Tohmatsu op"]
[Site "St Helier"]
[Date "1999.02.20"]
[Round "7"]
[White "Bourne, James"]
[Black "Hodge, David"]
[Result "1/2-1/2"]
[WhiteElo "2085"]
[BlackElo "2120"]

1.d4 Nf6 2.Nf3 g6 3.c4 Bg7 4.Nc3 O-O 5.e4 d6 6.Be2 e5 7.d5 Na6 8.Bg5 h6 9.Bh4 g5
10.Bg3 Nxe4 11.Nxe4 f5 12.Nc3 f4 13.Nd2 Nc5 14.Nde4 Bf5 15.f3 Bxe4 16.Nxe4 Nxe4
17.fxe4 fxg3 18.Bg4 c6 19.hxg3 Qa5+ 20.Qd2 Qxd2+ 21.Kxd2 Rf2+ 22.Kc3 Rxg2
23.Rhg1 Rxg1 24.Rxg1 Bf6 25.Be6+ Kg7 26.g4 Rh8 27.Rh1 cxd5 28.cxd5 Bd8  1/2-1/2

[Event "BL2-S9899"]
[Site "Germany"]
[Date "1999.02.21"]
[Round "6.7"]
[White "Taggatz, Mario"]
[Black "Fahnenschmidt, Gerhard"]
[Result "0-1"]
[WhiteElo "2222"]
[BlackElo "2332"]

1.d4 Nf6 2.c4 g6 3.Nc3 Bg7 4.e4 d6 5.Be2 O-O 6.Nf3 e5 7.O-O exd4 8.Nxd4 Re8
9.f3 Nc6 10.Be3 Nh5 11.f4 Nf6 12.Bf3 Bg4 13.Nxc6 Bxf3 14.Qxf3 bxc6 15.Rae1 Qb8
16.b3 Qb7 17.Bf2 Nd7 18.Kh1 Re6 19.Bh4 Bxc3 20.Qxc3 Rae8 21.f5 Rxe4 22.Rxe4 Rxe4
23.Qf3 Rxh4 24.fxg6 f6 25.Qf5 Qc8 26.Qe6+ Kh8 27.Rxf6 hxg6 28.Rf7 Rh7 29.Qxg6 Rxf7
30.Qxf7 Ne5 31.Qf6+ Kh7 32.h3 Qe8 33.Qh4+ Kg7 34.Qg5+ Ng6 35.Qg3 Qe5 36.Qf2 c5
37.Qf3 a5 38.Qb7 d5 39.cxd5 Nf4 40.d6 Qxd6 41.Qf3 Qe5 42.Qg4+ Kf6 43.Qf3 Ke7
44.Kg1 Ne2+ 45.Kf2 Nc3 46.a4 Qf6 47.Qxf6+ Kxf6 48.Ke3 Nd5+ 49.Kd3 Nb6 50.h4 c4+
51.bxc4 Nxa4 52.Kd4 Kf5 53.h5 Kg5 54.g4 Nb6 55.Kc3 c5 56.Kb3 a4+ 57.Kc3 a3
58.Kb3 Nxc4 59.Ka2 Ne5 60.Kxa3 Nxg4  0-1

[Event "Zuglo Hotel op"]
[Site "Budapest"]
[Date "1999.02.24"]
[Round "6"]
[White "Gladyszev, Oleg"]
[Black "Zimmerman, Yuri"]
[Result "1/2-1/2"]
[WhiteElo "2388"]
[BlackElo "2374"]

1.d4 g6 2.c4 Bg7 3.e4 d6 4.Nc3 e5 5.Nf3 Nd7 6.Be2 Ngf6 7.O-O O-O 8.Qc2 c6
9.Rd1 Re8 10.d5 c5 11.Be3 Ng4 12.Bd2 Bh6 13.Be1 Rf8 14.Nd2 Ngf6 15.a3 Ne8
16.Bd3 Ng7 17.b4 f5 18.Nb3 b6 19.bxc5 Nxc5 20.Nxc5 bxc5 21.Qa4 Bd7 22.Qa6 Qb6
23.Qxb6 axb6 24.a4 fxe4 25.Bxe4 Nf5 26.Bxf5 Rxf5 27.Rdb1 Ra6 28.Nb5 Bf8 29.Nc7 Rxa4
30.Rxa4 Bxa4 31.Rxb6 Bd1 32.Kf1 e4 33.Bd2 Bc2 34.Rb8 g5 35.g4 Bd3+ 36.Kg2 Rf7
37.Ne8 Bxc4 38.Nxd6 Bxd5 39.Nxf7 e3+ 40.Kf1 Bc4+ 41.Kg1 exd2 42.Nh6+ Kg7
43.Nf5+ Kf7 44.Rd8 Be2 45.Rxd2 Bxg4 46.Ne3 Be6  1/2-1/2

[Event "Zuglo Hotel op"]
[Site "Budapest"]
[Date "1999.02.24"]
[Round "6"]
[White "Serrer, Christoph"]
[Black "Juracsik, Jozsef"]
[Result "1/2-1/2"]
[WhiteElo "2285"]
[BlackElo "2210"]

1.d4 Nf6 2.Nf3 g6 3.c4 Bg7 4.Nc3 O-O 5.e4 d6 6.Be2 e5 7.dxe5 dxe5 8.Qxd8 Rxd8
9.Bg5 Re8 10.Nd5 Nxd5 11.cxd5 c6 12.Bc4 cxd5 13.Bxd5 Nd7 14.Nd2 Nb6 15.Bb3 Be6
16.Ke2 Rac8 17.Be3 Nc4 18.Nxc4 Bxc4+ 19.Kf3 Bxb3 20.axb3 a6 21.Rac1 f6 22.Rhd1 Rxc1
23.Rxc1 Kf7 24.Ke2 Re7 25.Rc3 Rd7 26.f3  1/2-1/2

[Event "Victor Ciocaltea Memorial"]
[Site "Bucharest"]
[Date "1999.03.04"]
[Round "1"]
[White "Rogozenko, Dorin"]
[Black "Badea, Bela"]
[Result "1/2-1/2"]
[WhiteElo "2557"]
[BlackElo "2479"]

1.d4 g6 2.c4 Bg7 3.Nc3 d6 4.Nf3 Nd7 5.e4 e5 6.Be2 Ngf6 7.O-O O-O 8.Qc2 Nh5
9.Rd1 Nf4 10.Bf1 c5 11.dxc5 dxc5 12.Bxf4 exf4 13.e5 Qe8 14.Re1 Nxe5 15.Nxe5 Bxe5
16.Nd5 Bd7 17.Nc7 Bxc7 18.Rxe8 Rfxe8 19.Be2 Bc6 20.Bf3 Bxf3 21.gxf3 Be5 22.Re1 Bd4
23.Re4 f5 24.Re2 Kf7 25.Kf1 Rxe2 26.Qxe2 b6 27.Qd2 Re8 28.b4 g5 29.h4 Kg6
30.bxc5 Bxc5 31.Qd7 Re7 32.Qc6+ Kh5 33.Qf6 gxh4 34.Qxf5+ Kh6 35.Qxf4+ Kg7
36.Qxh4 a5 37.a4 Re6 38.Qg4+ Kf6 39.f4 h6 40.f5 Rd6 41.f4 Kf7 42.Ke2 Rf6
43.Kf3 Bb4 44.Ke4 Bc5 45.Qh5+ Ke7 46.Qh4 Kf7 47.Qh1 Ke7 48.Qa1 Kf7 49.Qe5 Bb4
50.Qc7+ Kf8 51.Qd7 Ba3 52.Qd3 Be7 53.Ke5 h5 54.Qf3 Rh6 55.Qa8+ Kf7 56.Qd5+ Kf8
57.c5 bxc5 58.Qa8+ Kf7 59.Qxa5 h4 60.Qd2 c4 61.Qd5+ Kf8 62.Qxc4 h3 63.Qc8+ Kf7
64.Qc4+ Kf8 65.Qf1 h2 66.Qh1 Bd6+ 67.Ke4 Bc7  1/2-1/2

[Event "Alushta"]
[Site "Alushta"]
[Date "1999.03.05"]
[Round "3"]
[White "Zubov, Alexander"]
[Black "Khomyakov, Vladimir"]
[Result "0-1"]
[WhiteElo "2502"]
[BlackElo "2380"]

1.d4 Nf6 2.Nf3 g6 3.c4 Bg7 4.Nc3 O-O 5.e4 d6 6.Be2 e5 7.O-O Na6 8.Re1 c6
9.Bf1 Bg4 10.d5 c5 11.h3 Bd7 12.a3 Ne8 13.b4 b6 14.Rb1 f5 15.Na4 Nf6 16.exf5 gxf5
17.bxc5 Bxa4 18.Qxa4 Nxc5 19.Qc2 Nfe4 20.g3 Qd7 21.Rb4 Kh8 22.h4 Qf7 23.Bh3 Qg6
24.Kh2 Bh6 25.Bxh6 Qxh6 26.Rbb1 Qh5 27.Ng1 Rg8 28.Re3 Raf8 29.Rbe1 Qg6 30.Rf3 f4
31.gxf4 Qh5 32.Rxe4 Rxg1 33.Ree3 Rg7 34.f5 Qxh4 35.Rg3 Rxg3 36.fxg3 Qg5 37.Re2 h5
38.Qc3 Nd7 39.a4 Nf6 40.Qe3 Qxe3 41.Rxe3 Rc8 42.Rc3 Kg7 43.Kg1 Kh6 44.Bf1 Kg5
45.a5 bxa5 46.Rb3 Rc7 47.Rb5 e4 48.Rxa5 Kxf5 49.Ra6 Ke5 50.Kf2 Nd7 51.Be2 Nc5
52.Ra1 Rf7+ 53.Ke3 Rg7 54.Bxh5 Rxg3+ 55.Kf2 Rg5 56.Be2 a6 57.Ra2 Rg7 58.Ra1 Rb7
59.Ke3 Rb3+ 60.Kd2 Kd4 61.Ke1 Rb2 62.Kf2 Nd3+ 63.Kf1 Nc5 64.Kf2 Rc2 65.Kf1 Ke3
66.Ra3+ Nd3 67.Bg4 Rf2+ 68.Kg1 Rf8 69.Be6 Kd4 70.Rxa6 e3 71.Ra2 Nf4 72.Bd7 e2
73.Kf2 Nd3+  0-1

[Event "Bucharest TIT (Women)"]
[Site "Bucharest"]
[Date "1999.03.05"]
[Round "2"]
[White "Barasiant, Mariana"]
[Black "Ionica, Iulia"]
[Result "1/2-1/2"]
[WhiteElo "2057"]
[BlackElo "2197"]

1.d4 Nf6 2.c4 g6 3.Nc3 Bg7 4.e4 d6 5.Be2 O-O 6.Nf3 e5 7.dxe5 dxe5 8.Qc2 Re8
9.O-O c6 10.Rd1 Qc7 11.b3 Nbd7 12.a4 Nc5 13.Ba3 b6 14.a5 Bg4 15.Nd2 Be6 16.b4 Ncd7
17.Nb3 Red8 18.b5 cxb5 19.Bd6 Qc6 20.cxb5 Qc8 21.Qb2 Bxb3 22.Qxb3 Nc5 23.Bxc5 Qxc5
24.axb6 axb6 25.Rxd8+ Rxd8 26.Ra7 Rd7 27.Rxd7 Nxd7 28.Bc4 Qe7 29.Nd5 Qg5
30.Qe3 Qxe3 31.Nxe3 Bf8 32.Kf1  1/2-1/2

[Event "Bucharest TIT (Women)"]
[Site "Bucharest"]
[Date "1999.03.07"]
[Round "4"]
[White "Grigorieva, Angela"]
[Black "Ionica, Iulia"]
[Result "1/2-1/2"]
[WhiteElo "2115"]
[BlackElo "2197"]

1.d4 Nf6 2.Nf3 g6 3.c4 Bg7 4.Nc3 d6 5.e4 O-O 6.Be2 e5 7.O-O exd4 8.Nxd4 Re8
9.f3 Nc6 10.Nxc6 bxc6 11.Bg5 h6 12.Bh4 Rb8 13.Qc2 Be6 14.Rfd1 Qc8 15.Rac1 Nd7
16.Bf2 Qb7 17.b3 a5 18.Na4 Ne5 19.c5 d5 20.exd5 cxd5 21.c6 Qb4 22.Bf1 Rbd8
23.Be1 Qe7 24.Bxa5 Bf5 25.Qc5 Rd6 26.Bc3 d4 27.Bb2 Rxc6 28.Qxe7 Rxe7 29.Rxc6 Nxc6
30.Bb5 Nb4 31.Bxd4 Nxa2 32.Bxg7 Kxg7 33.Bc4 Nb4 34.Kf2 Kf6 35.Nc3 Re5 36.g4 Be6
37.Bxe6 Kxe6 38.Rd4 Nd5 39.Ne4 Nf6 40.Nxf6 Kxf6 41.Rc4 c5 42.b4  1/2-1/2

[Event "BL2-W9899"]
[Site "Germany"]
[Date "1999.03.07"]
[Round "7.7"]
[White "Jackelen, Thomas"]
[Black "Luethgens, Eike"]
[Result "1-0"]
[WhiteElo "2355"]
[BlackElo "2305"]

1.Nf3 Nf6 2.c4 g6 3.Nc3 Bg7 4.e4 d6 5.d4 O-O 6.Be2 e5 7.O-O Na6 8.Be3 Ng4
9.Bg5 Qe8 10.dxe5 dxe5 11.Nd2 h6 12.Bh4 Nf6 13.Nd5 g5 14.Bg3 c6 15.Nxf6+ Bxf6
16.Bg4 Qe7 17.Bxc8 Raxc8 18.Qh5 Bg7 19.Rfd1 Nc5 20.Qg4 Rfd8 21.h4 Ne6 22.Nf1 Nd4
23.Ne3 Qe6 24.hxg5 Qxg4 25.Nxg4 Ne2+ 26.Kh2 hxg5 27.Bxe5 Bxe5+ 28.Nxe5 Re8
29.Ng4 Kg7 30.g3 Rxe4 31.Ne3 c5 32.Re1  1-0

[Event "BL2-S9899"]
[Site "Germany"]
[Date "1999.03.07"]
[Round "7.1"]
[White "Lentrodt, Thomas"]
[Black "Roemer, Ulrich"]
[Result "1/2-1/2"]
[WhiteElo "2300"]
[BlackElo "2307"]

1.d4 d6 2.Nf3 g6 3.c4 Bg7 4.Nc3 Nf6 5.e4 O-O 6.Be2 e5 7.O-O exd4 8.Nxd4 Re8
9.f3 Nc6 10.Be3 Nh5 11.f4 Nf6 12.Bf3 Bg4 13.Nxc6 Bxf3 14.Qxf3 bxc6 15.e5 dxe5
16.Rad1 Qb8 17.fxe5 Rxe5 18.Bd4 Re6 19.Ne4 Rxe4 20.Bxf6 Qe8 21.Bxg7 Kxg7
22.Qf6+ Kg8 23.c5 a5 24.h3 Re6 25.Qf4 Qe7 26.Qd4 Re5 27.Rc1 Rd8 28.Qc3 a4
29.b4 axb3 30.axb3 Rdd5 31.b4 Re2 32.Rce1 Rde5 33.Rxe2 Rxe2 34.Qf3 Qe6 35.Qf4 Re4
36.Qd2 Kg7 37.Qc3+ Qe5 38.Qxe5+ Rxe5 39.Ra1 Re4 40.Ra6 Rxb4 41.Rxc6 Rb7 42.Ra6 Kf8
43.g4 Ke7 44.Kg2 Rb3 45.Rc6 Kd7 46.Rf6 Ke7  1/2-1/2

[Event "BL2-W9899"]
[Site "Germany"]
[Date "1999.03.07"]
[Round "7.6"]
[White "Schlecht, Daniel"]
[Black "Podzielny, Karl Heinz"]
[Result "1-0"]
[WhiteElo "2377"]
[BlackElo "2499"]

1.d4 Nf6 2.c4 d6 3.Nf3 Nbd7 4.Nc3 e5 5.e4 g6 6.Be2 Bg7 7.O-O O-O 8.Be3 a5
9.Qc2 exd4 10.Nxd4 Re8 11.Rad1 Nc5 12.f3 Nh5 13.g4 Nf6 14.Ndb5 b6 15.g5 Nfd7
16.f4 Bb7 17.Bf3 a4 18.Bg2 Ra5 19.Rfe1 Qb8 20.Nd5 Bxd5 21.exd5 Ra8 22.h4 f5
23.Bd4 Rxe1+ 24.Rxe1 Qf8 25.Qc3 Bxd4+ 26.Qxd4 Re8 27.Rxe8 Qxe8 28.Kf2 Qd8
29.Bf3 Nf8 30.Qc3 Qe7 31.Qe3 Kf7 32.Qxe7+ Kxe7 33.Nxc7 Nd3+ 34.Ke3 Nxb2 35.Kd4 Nd7
36.Kc3 a3 37.Nb5 Nc5 38.Nxa3 Nbd3 39.Nc2 Nxf4 40.Nb4 Kd7 41.Kd4 Ke7 42.Ke3 Nh5
43.Nc6+ Kf7 44.Bxh5 gxh5 45.Nd4 f4+ 46.Kxf4 Nd3+ 47.Ke4 Ne5 48.Nf5 Nxc4 49.Kd4 Nd2
50.Nxd6+ Kg6 51.Ke3  1-0